[Event "FIN-chT 1011"]
[Site "Finland"]
[Date "2011.03.12"]
[Round "8.8"]
[White "Lindqvist, Tor Erik"]
[Black "Tuononen, Janne"]
[Result "0-1"]
[WhiteElo "2187"]
[BlackElo "1911"]
[PlyCount "82"]
[EventDate "2010.09.18"]
[EventType "team-tourn"]
[EventRounds "9"]
[EventCountry "FIN"]
[SourceTitle "EXT 2012"]
[Source "ChessBase"]
[SourceDate "2011.11.24"]
[SourceVersion "1"]
[SourceVersionDate "2011.11.24"]
[SourceQuality "1"]
[WhiteTeam "Sal SK"]
[BlackTeam "Joensuu SK"]
[WhiteTeamCountry "FIN"]
[BlackTeamCountry "FIN"]

1. c4 e5 2. g3 Nf6 3. Bg2 d5 4. cxd5 Nxd5 5. Nf3 Nc6 6. Nc3 Nb6 7. 0-0 Be7 8. a3 g5 9. b4 g4 10. Ne1 h5 11. Nc2 Be6 12. b5 Na5 13. Rb1 f5 14. d3 h4 15. Nb4 hxg3 16. hxg3 Bd6 17. Qc2 Qe7 18. Ncd5 Qf7 19. Nxb6 axb6 20. Bg5 Bc5 21. e3 Rh5 22. Bh4 f4 23. exf4 exf4 24. Be4 Rxh4 25. gxh4 0-0-0 26. d4 Bxd4 27. Bg6 Qd7 28. Rfe1 Kb8 29. Qe4 g3 30. Nd3 Bc4 31. Red1 gxf2+ 32. Nxf2 Qg4+ 33. Qg2 Bxf2+ 34. Kxf2 Qe2+ 35. Kg1 Rxd1+ 36. Rxd1 Qxd1+ 37. Kh2 f3 38. Qf2 Qd6+ 39. Qg3 f2 40. Qxd6 cxd6 41. h5 f1Q 0-1

[Event "FIN-chT 1011"]
[Site "Finland"]
[Date "2011.02.13"]
[Round "7.8"]
[White "Toikkanen, Vesa"]
[Black "Lindqvist, Tor Erik"]
[Result "0-1"]
[WhiteElo "2058"]
[BlackElo "2187"]
[PlyCount "54"]
[EventDate "2010.09.18"]
[EventType "team-tourn"]
[EventRounds "9"]
[EventCountry "FIN"]
[SourceTitle "EXT 2012"]
[Source "ChessBase"]
[SourceDate "2011.11.24"]
[SourceVersion "1"]
[SourceVersionDate "2011.11.24"]
[SourceQuality "1"]
[WhiteTeam "Mat SK II"]
[BlackTeam "Sal SK"]
[WhiteTeamCountry "FIN"]
[BlackTeamCountry "FIN"]

1. d4 Nf6 2. c4 c5 3. d5 e6 4. Nc3 exd5 5. cxd5 Bd6 6. e4 0-0 7. Bd3 Re8 8. Nge2 Bc7 9. Bg5 d6 10. 0-0 Nbd7 11. f4 Nf8 12. f5 h6 13. Bh4 Bd7 14. a4 Ba5 15. Kh1 N8h7 16. Qc1 Qb6 17. h3 a6 18. g4 Qb4 19. Be1 Qb6 20. Bd2 Qd8 21. Rg1 Re7 22. g5 hxg5 23. Bxg5 Nxg5 24. Qxg5 Ne8 25. f6 Re5 26. Qh6 Qxf6 27. Rxg7+ Qxg7 0-1

[Event "Turku op"]
[Site "Turku"]
[Date "2001.??.??"]
[Round "1"]
[White "Lindqvist, Tor Erik"]
[Black "Kiik, Kalle"]
[Result "0-1"]
[WhiteElo "2232"]
[BlackElo "2449"]
[PlyCount "120"]
[EventDate "2001.??.??"]
[EventType "swiss"]
[EventRounds "5"]
[EventCountry "FIN"]
[SourceTitle "EXT 2003"]
[Source "ChessBase"]
[SourceDate "2002.11.25"]
[SourceVersion "1"]
[SourceVersionDate "2002.11.25"]
[SourceQuality "1"]

1. c4 g6 2. g3 Bg7 3. Bg2 e5 4. Nc3 Nc6 5. e4 d6 6. Nge2 Nf6 7. d3 0-0 8. 0-0 h6 9. h3 Kh7 10. Kh2 Be6 11. Nd5 Bxd5 12. cxd5 Ne7 13. d4 exd4 14. Nxd4 c6 15. dxc6 bxc6 16. Be3 Rb8 17. Rb1 Qa5 18. a3 Rfd8 19. Qc2 c5 20. Ne2 Qa6 21. Nc3 Nc6 22. Rfd1 Qc4 23. Qa4 Qxa4 24. Nxa4 Nd4 25. b4 Nc2 26. bxc5 Rxb1 27. Rxb1 Nxe3 28. fxe3 dxc5 29. Nxc5 Bf8 30. Rb7 Kg8 31. e5 Bxc5 32. exf6 Rd6 33. Rb8+ Kh7 34. Rb3 Rxf6 35. Rc3 Bb6 36. Bd5 Kg7 37. Kg2 Rf5 38. Bc6 h5 39. h4 Kf6 40. a4 Ke7 41. Bb5 Rd5 42. Kf3 Rf5+ 43. Kg2 Kd6 44. Bc6 Rf6 45. Bf3 Rf5 46. g4 hxg4 47. Bxg4 Re5 48. Kf2 Re4 49. Rd3+ Ke7 50. a5 Bxa5 51. Rd7+ Ke8 52. Rxa7 Bb6 53. Ra8+ Ke7 54. Bf3 Rxe3 55. Kg2 Re5 56. Ra4 Kf6 57. Ra6 Rb5 58. Kg3 Kg7 59. Kg4 Rb4+ 60. Kh3 Kh6 0-1

[Event "Salo We SalSK op"]
[Site "Salo"]
[Date "2001.??.??"]
[Round "5"]
[White "Lindqvist, Tor Erik"]
[Black "Topi Hulmi, Teemu"]
[Result "0-1"]
[WhiteElo "2232"]
[BlackElo "2106"]
[PlyCount "100"]
[EventDate "2001.??.??"]
[EventType "swiss"]
[EventRounds "5"]
[EventCountry "FIN"]
[SourceTitle "EXT 2005"]
[Source "ChessBase"]
[SourceDate "2004.11.15"]
[SourceVersion "1"]
[SourceVersionDate "2004.11.15"]
[SourceQuality "1"]

1. c4 f5 2. g3 Nf6 3. Bg2 g6 4. Nc3 Bg7 5. d3 0-0 6. e4 d6 7. Nge2 e5 8. 0-0 c6 9. exf5 gxf5 10. d4 Qe8 11. dxe5 dxe5 12. Qd6 Ng4 13. h3 Rf6 14. Qa3 Nh6 15. f4 e4 16. Be3 Be6 17. b3 Nd7 18. Rad1 Bf8 19. Qb2 Rg6 20. Na4 b5 21. cxb5 cxb5 22. Nac3 Bc5 23. Nd5 Bxe3+ 24. Nxe3 Nc5 25. Kh2 Nd3 26. Qa3 Qd8 27. b4 Qb6 28. Nc2 Bc4 29. Ncd4 Rd8 30. Qa5 Qxa5 31. bxa5 Rgd6 32. Nb3 Nb4 33. Rxd6 Rxd6 34. Nbc1 Nxa2 35. Nxa2 Bxa2 36. Nc3 Bc4 37. Rb1 a6 38. Rd1 Nf7 39. g4 b4 40. Rxd6 Nxd6 41. Nd1 fxg4 42. hxg4 Be2 43. Nb2 Bxg4 44. Bf1 e3 45. Bxa6 e2 46. Nd3 b3 47. Bb7 Nxb7 48. a6 Nc5 49. a7 Bf3 50. Ne1 Bd5 0-1

[Event "Turku op"]
[Site "Turku"]
[Date "2001.??.??"]
[Round "3"]
[White "Topi Hulmi, Teemu"]
[Black "Lindqvist, Tor Erik"]
[Result "1/2-1/2"]
[WhiteElo "2115"]
[BlackElo "2232"]
[PlyCount "49"]
[EventDate "2001.??.??"]
[EventType "swiss"]
[EventRounds "5"]
[EventCountry "FIN"]
[SourceTitle "EXT 2003"]
[Source "ChessBase"]
[SourceDate "2002.11.25"]
[SourceVersion "1"]
[SourceVersionDate "2002.11.25"]
[SourceQuality "1"]

1. e4 e6 2. d4 d5 3. exd5 exd5 4. c4 Nf6 5. Nc3 Be7 6. Bd3 Nc6 7. Nge2 Nb4 8. cxd5 Nxd3+ 9. Qxd3 Nxd5 10. 0-0 0-0 11. Nf4 Nxf4 12. Bxf4 Bd6 13. Bg3 c6 14. d5 Bxg3 15. hxg3 cxd5 16. Nxd5 Be6 17. Rfd1 Bxd5 18. Qxd5 Qb6 19. Qb3 Rfd8 20. Qxb6 axb6 21. Rac1 Kf8 22. a3 Rxd1+ 23. Rxd1 Ke7 24. Rd3 Rc8 25. Rb3 1/2-1/2

[Event "Salo We op"]
[Site "Salo"]
[Date "2000.??.??"]
[Round "3"]
[White "Keskinen, Sauli"]
[Black "Lindqvist, Tor Erik"]
[Result "1-0"]
[WhiteElo "2227"]
[BlackElo "2239"]
[PlyCount "103"]
[EventDate "2000.10.??"]
[EventType "swiss"]
[EventRounds "5"]
[EventCountry "FIN"]
[SourceTitle "EXT 2002"]
[Source "ChessBase"]
[SourceDate "2001.11.25"]
[SourceVersion "1"]
[SourceVersionDate "2001.11.25"]
[SourceQuality "1"]

1. e4 e6 2. d3 d5 3. Nd2 Nf6 4. Ngf3 b6 5. g3 Ba6 6. Bg2 dxe4 7. Ng5 Be7 8. Ndxe4 Nxe4 9. Nxe4 0-0 10. Bd2 Nc6 11. Qh5 Qd7 12. Ng5 h6 13. h4 Rad8 14. Be4 f5 15. Qg6 Bxg5 16. hxg5 Ne5 17. Qh5 fxe4 18. 0-0-0 Qf7 19. gxh6 Qxh5 20. Rxh5 Rf5 21. Rdh1 Rxh5 22. Rxh5 Rd5 23. Rg5 g6 24. Bf4 exd3 25. Rxe5 Rxe5 26. Bxe5 dxc2 27. Kxc2 c6 28. Bb8 Kh7 29. Bxa7 Kxh6 30. Bxb6 Kg5 31. Kc3 Kf6 32. Kd4 Ke7 33. Ke5 Bc4 34. Bc5+ Kd7 35. b3 Bd3 36. Kf6 Bb1 37. a4 Bc2 38. a5 Bxb3 39. a6 Kc7 40. a7 Kb7 41. Kxg6 Bd1 42. Kf6 Bg4 43. Kg5 Bf3 44. Kf4 Be2 45. g4 Bd1 46. g5 Bc2 47. Ke5 Bf5 48. Kf6 Ka8 49. g6 Kb7 50. g7 Bh7 51. Kxe6 Ka8 52. Kf7 1-0

[Event "FIN-chT 9900"]
[Site "Finland"]
[Date "2000.??.??"]
[Round "6.8"]
[White "Lindqvist, Tor Erik"]
[Black "Kivimaki, Jaakko"]
[Result "0-1"]
[WhiteElo "2237"]
[BlackElo "2203"]
[PlyCount "90"]
[EventDate "1999.??.??"]
[EventType "team-tourn"]
[EventRounds "9"]
[EventCountry "FIN"]
[SourceTitle "EXT 2001"]
[Source "ChessBase"]
[SourceDate "2000.11.22"]
[SourceVersion "1"]
[SourceVersionDate "2000.11.22"]
[SourceQuality "1"]
[WhiteTeam "Salo SK"]
[BlackTeam "Helsinki Garde"]
[WhiteTeamCountry "FIN"]
[BlackTeamCountry "FIN"]

1. d4 d5 2. g3 Nf6 3. Bg2 e6 4. c4 c6 5. Qc2 b5 6. c5 e5 7. dxe5 Nfd7 8. Bxd5 cxd5 9. c6 Nc5 10. b4 Ne6 11. Bd2 Qc7 12. Nf3 Nxc6 13. Qb2 Be7 14. 0-0 0-0 15. Rc1 Qd7 16. a4 Ba6 17. Na3 Rab8 18. a5 Bb7 19. Nc2 d4 20. Rd1 Qd5 21. Be3 Nxe5 22. Nce1 Bf6 23. Bd2 Rbc8 24. Rac1 Nc4 25. Qb1 Nxd2 26. Rxd2 Rxc1 27. Qxc1 Rc8 28. Qd1 Qc4 29. Nd3 Bxf3 30. exf3 Qd5 31. h4 a6 32. Kg2 Be7 33. Rb2 Rc3 34. Qd2 Bd6 35. Qd1 Qc4 36. Rd2 Bxb4 37. Nxb4 Qxb4 38. Qe2 h6 39. f4 Qc4 40. Qg4 Qc6+ 41. f3 d3 42. Kh3 Nd4 43. f5 Nxf3 44. Rf2 d2 45. f6 Qe6 0-1

[Event "Turku op"]
[Site "Turku"]
[Date "2000.??.??"]
[Round "5"]
[White "Pirttimaki, Timo"]
[Black "Lindqvist, Tor Erik"]
[Result "1/2-1/2"]
[WhiteElo "2271"]
[BlackElo "2243"]
[PlyCount "114"]
[EventDate "2000.??.??"]
[EventType "swiss"]
[EventRounds "5"]
[EventCountry "FIN"]
[SourceTitle "EXT 2001"]
[Source "ChessBase"]
[SourceDate "2000.11.22"]
[SourceVersion "1"]
[SourceVersionDate "2000.11.22"]
[SourceQuality "1"]

1. e4 e6 2. d4 d5 3. e5 c5 4. Nd2 cxd4 5. Ngf3 Nc6 6. Nb3 Qc7 7. Bb5 a6 8. Bxc6+ bxc6 9. Qxd4 c5 10. Qg4 Ne7 11. 0-0 a5 12. Re1 a4 13. Nbd2 Nf5 14. Nf1 Bd7 15. Ng3 g6 16. Bg5 Bg7 17. c4 h6 18. Bf6 Bxf6 19. exf6 Nxg3 20. hxg3 h5 21. Qh4 d4 22. Re5 Qb6 23. Rb1 Qb4 24. Qe4 Ra7 25. Qc2 Bc6 26. Ne1 Ra5 27. Nd3 Qb6 28. b4 axb3 29. axb3 Qa7 30. Qd2 h4 31. b4 Ra2 32. Rb2 Ra1+ 33. Re1 h3 34. f3 Qa8 35. gxh3 Bxf3 36. Kh2 Qe4 37. Qf4 Qxf4 38. gxf4 Rxe1 39. Nxe1 Bg4 40. Kg3 Bf5 41. h4 cxb4 42. Rxb4 0-0 43. Nf3 d3 44. Kf2 Rd8 45. Ke3 Bg4 46. Nd2 Bf5 47. Rb7 Ra8 48. c5 Ra1 49. Rb8+ Kh7 50. Rb1 Ra5 51. Rc1 Kh6 52. Nf3 Ra2 53. Nd4 d2 54. Rd1 Ra3+ 55. Kxd2 Rd3+ 56. Ke1 Rc3 57. Ne2 Rxc5 1/2-1/2

[Event "FIN-chT 9900"]
[Site "Finland"]
[Date "2000.??.??"]
[Round "9.7"]
[White "Tuominen, Risto"]
[Black "Lindqvist, Tor Erik"]
[Result "0-1"]
[WhiteElo "2196"]
[BlackElo "2237"]
[PlyCount "82"]
[EventDate "1999.??.??"]
[EventType "team-tourn"]
[EventRounds "9"]
[EventCountry "FIN"]
[SourceTitle "EXT 2001"]
[Source "ChessBase"]
[SourceDate "2000.11.22"]
[SourceVersion "1"]
[SourceVersionDate "2000.11.22"]
[SourceQuality "1"]
[WhiteTeam "Turku TS"]
[BlackTeam "Salo SK"]
[WhiteTeamCountry "FIN"]
[BlackTeamCountry "FIN"]

1. d4 e6 2. c4 Bb4+ 3. Nd2 d5 4. e3 Nf6 5. Ngf3 0-0 6. a3 Be7 7. Bd3 b6 8. cxd5 exd5 9. 0-0 Bb7 10. b4 Nbd7 11. Ne5 Bd6 12. Bb2 Re8 13. f4 c5 14. g4 Nf8 15. g5 N6d7 16. Qh5 g6 17. Qh6 c4 18. Ndxc4 dxc4 19. Nxf7 Qc7 20. d5 c3 21. Rac1 Nc5 22. Nxd6 Qxd6 23. Bxc3 Re7 24. Be5 Rxe5 25. fxe5 Qxe5 26. Bc4 Qxe3+ 27. Kg2 Qe4+ 28. Rf3 Bxd5 29. Bxd5+ Qxd5 30. Rcf1 Nce6 31. h4 Nd4 32. h5 Nxf3 33. Rxf3 Rc8 34. hxg6 Nxg6 35. Qh1 Qxg5+ 36. Rg3 Rc2+ 37. Kf3 Rc3+ 38. Ke2 Qxg3 39. Qd5+ Kg7 40. Qd4+ Qe5+ 41. Qxe5+ Nxe5 0-1

[Event "FIN-chT 9900"]
[Site "Finland"]
[Date "1999.??.??"]
[Round "?"]
[White "Lindqvist, Tor Erik"]
[Black "Fieandt, John"]
[Result "1/2-1/2"]
[WhiteElo "2237"]
[BlackElo "2212"]
[PlyCount "54"]
[EventDate "1999.??.??"]
[EventType "team-tourn"]
[EventRounds "9"]
[EventCountry "FIN"]
[SourceTitle "EXT 2001"]
[Source "ChessBase"]
[SourceDate "2000.11.22"]
[SourceVersion "1"]
[SourceVersionDate "2000.11.22"]
[SourceQuality "1"]
[WhiteTeam "Salo SK"]
[BlackTeam "Helsinki HSK"]
[WhiteTeamCountry "FIN"]
[BlackTeamCountry "FIN"]

1. d4 Nf6 2. Nf3 g6 3. Bf4 Bg7 4. Nc3 d6 5. Qd2 Bf5 6. h3 h6 7. e3 Ne4 8. Nxe4 Bxe4 9. Bd3 Bxd3 10. Qxd3 c5 11. 0-0 Nd7 12. c3 0-0 13. Rfd1 Qa5 14. Qe4 Qd8 15. Qxb7 Rb8 16. Qxa7 Ra8 17. Qb7 Rb8 18. Qa6 Rxb2 19. Nd2 Qc7 20. Rab1 Rfb8 21. Qa3 Qb7 22. Rxb2 Qxb2 23. Qxb2 Rxb2 24. a3 Ra2 25. Nb1 g5 26. Bg3 Ra1 27. Kf1 Nb6 1/2-1/2

[Event "FIN-chT Division-A"]
[Site "Finland"]
[Date "1998.??.??"]
[Round "?"]
[White "Heino, Juha"]
[Black "Lindqvist, Tor Erik"]
[Result "1/2-1/2"]
[WhiteElo "2115"]
[BlackElo "2285"]
[PlyCount "41"]
[EventDate "1998.??.??"]
[EventType "team"]
[EventRounds "7"]
[EventCountry "FIN"]
[SourceTitle "EXT 2002"]
[Source "ChessBase"]
[SourceDate "2001.11.25"]
[SourceVersion "1"]
[SourceVersionDate "2001.11.25"]
[SourceQuality "1"]

1. e4 Nc6 2. d4 e5 3. d5 Nce7 4. Nf3 Ng6 5. c4 Bc5 6. Nc3 Nf6 7. h3 0-0 8. a3 a5 9. Rb1 d6 10. Bd3 Nf4 11. Bxf4 exf4 12. 0-0 Nh5 13. b4 axb4 14. axb4 Ba7 15. e5 g5 16. Nxg5 Qxg5 17. Ne4 Qxe5 18. Qxh5 Qxh5 19. Nf6+ Kh8 20. Nxh5 f3 21. g4 1/2-1/2

[Event "FIN-chT 9899"]
[Site "Finland"]
[Date "1998.??.??"]
[Round "2"]
[White "Mertanen, Janne"]
[Black "Lindqvist, Tor Erik"]
[Result "1/2-1/2"]
[WhiteElo "2180"]
[BlackElo "2285"]
[PlyCount "34"]
[EventDate "1998.??.??"]
[EventType "team-tourn"]
[EventRounds "9"]
[EventCountry "FIN"]
[SourceTitle "EXT 2000"]
[Source "ChessBase"]
[SourceDate "1999.11.16"]
[SourceVersion "1"]
[SourceVersionDate "1999.11.16"]
[SourceQuality "1"]
[WhiteTeam "Kuopio KSY"]
[BlackTeam "Salo SK"]
[WhiteTeamCountry "FIN"]
[BlackTeamCountry "FIN"]

1. d4 d5 2. c4 e6 3. Nf3 c6 4. Qc2 Be7 5. g3 Nf6 6. Bg2 Nbd7 7. 0-0 0-0 8. Rd1 Ne4 9. Nc3 f5 10. Ne1 Qe8 11. f3 Nxc3 12. bxc3 Qh5 13. cxd5 exd5 14. Nd3 Nb6 15. a4 Nc4 16. Nb2 Nxb2 17. Qxb2 Bd6 1/2-1/2